Devine l'oeuvre et l'artiste - Statistiques

Statistiques générales
  • Ce quiz a été pris 34 fois
  • Le résultat moyen est 5 sur 14
Statistiques - réponses
Hint Réponse % Correct
La Nuit étoilée - Van Gogh
83%
Le Penseur - Rodin
80%
Le Cri - Munch
73%
La Jeune Fille à la perle - Vermeer
47%
Impression, soleil levant - Monet
33%
L'Origine du monde - Courbet
27%
Homme de Vitruve - De Vinci
23%
La persistance de la mémoire - Dalí
23%
Les Ménines - Velázquez
23%
Les Amants - Magritte
13%
Raboteurs de parquet - Caillebotte
13%
Pietà - Michel Ange
10%
Monochrome bleu - Klein
3%
Un portrait d'un artiste - Hockney
0%
Aucun quiz correspondant
Distribution des résultats
% des personnes avec chaque résultat
Percentile par nombre de réponses
Votre historique - résultats
Vous n’avez pas pris ce quiz